[Event "Brasilia op"]
[Site "Brasilia"]
[Date "2025.01.10"]
[Round "6"]
[White "Pires, Marcos Vinicius Tor"]
[Black "Robinson, Malcolm"]
[Result "1/2-1/2"]
[WhiteElo "2245"]
[BlackElo "1857"]
[PlyCount "54"]
[EventDate "2025.01.07"]
[EventType "swiss"]
[EventRounds "9"]
[EventCountry "BRA"]
[SourceTitle "CB12_2025"]
[SourceDate "2025.03.19"]
[SourceVersion "1"]
[SourceVersionDate "2025.03.19"]
[SourceQuality "1"]

1. d4 Nf6 2. Nf3 c5 3. d5 b5 4. c3 Bb7 5. e4 Nxe4 6. Bxb5 g6 7. 0-0 Bg7 8. Re1 Nd6 9. Bf1 0-0 10. Bg5 Re8 11. Qd2 Na6 12. c4 Nf5 13. Nc3 h6 14. Bf4 Kh7 15. Bd3 Nd4 16. Nxd4 Bxd4 17. Nb5 d6 18. Rad1 Nc7 19. Na3 e5 20. dxe6 Nxe6 21. Bg3 d5 22. Nb5 dxc4 23. Bxc4 Bd5 24. Bxd5 Qxd5 25. Nd6 Rf8 26. b3 Rad8 27. Nc4 Rfe8 1/2-1/2

[Event "Brasilia op"]
[Site "Brasilia"]
[Date "2025.01.09"]
[Round "4"]
[White "Marra, Eduardo da Costa"]
[Black "Robinson, Malcolm"]
[Result "1-0"]
[WhiteElo "2195"]
[BlackElo "1857"]
[PlyCount "97"]
[EventDate "2025.01.07"]
[EventType "swiss"]
[EventRounds "9"]
[EventCountry "BRA"]
[SourceTitle "CB12_2025"]
[SourceDate "2025.03.19"]
[SourceVersion "1"]
[SourceVersionDate "2025.03.19"]
[SourceQuality "1"]

1. e4 c5 2. Nf3 d6 3. Bb5+ Nd7 4. Ba4 Ngf6 5. 0-0 g6 6. Re1 Bg7 7. c3 0-0 8. d4 e5 9. dxe5 dxe5 10. Bb3 Qc7 11. Qe2 a6 12. a4 Nb8 13. Na3 Nc6 14. Rd1 Bg4 15. h3 Bxf3 16. Qxf3 Na5 17. Ba2 c4 18. Bg5 Nh5 19. Rd2 h6 20. Be3 Rfd8 21. Rad1 Rxd2 22. Rxd2 Nf4 23. Qd1 Bf8 24. Bxf4 exf4 25. Nc2 b5 26. Rd5 Bc5 27. Nd4 Rb8 28. axb5 axb5 29. b4 Bxd4 30. Qxd4 Nb3 31. Qd1 Qa7 32. Bxb3 cxb3 33. Qxb3 f3 34. Qd1 fxg2 35. Rd7 Qa2 36. Kxg2 Qe6 37. Rd8+ Rxd8 38. Qxd8+ Kh7 39. Qd5 Qf6 40. Qxb5 Qxc3 41. Qc5 Qd2 42. b5 f5 43. b6 Qg5+ 44. Kf1 Qh5 45. Qc7+ Kg8 46. Qd8+ Kh7 47. Kg2 fxe4 48. b7 Qf3+ 49. Kg1 1-0

[Event "Brasilia City-ch"]
[Site "Brasilia"]
[Date "2023.12.09"]
[Round "10"]
[White "Robinson, Malcolm"]
[Black "Noguerol, Davi Vinueza"]
[Result "1-0"]
[WhiteElo "1812"]
[BlackElo "1357"]
[PlyCount "33"]
[EventDate "2023.11.24"]
[EventType "tourn"]
[EventRounds "11"]
[EventCountry "BRA"]
[SourceTitle "EXT 2025"]
[Source "ChessBase"]
[SourceDate "2024.10.14"]
[SourceVersion "1"]
[SourceVersionDate "2024.10.14"]
[SourceQuality "1"]

1. Nf3 Nf6 2. c4 e6 3. g3 b6 4. Bg2 Bb7 5. 0-0 c5 6. Nc3 Be7 7. d4 cxd4 8. Qxd4 Nc6 9. Qd2 a6 10. b3 Qc7 11. Bb2 0-0 12. Rac1 Rac8 13. Rfd1 Rfd8 14. e4 d6 15. Nd4 g6 16. Nd5 Qb8 17. Nxc6 1-0

[Event "Brasilia City-ch"]
[Site "Brasilia"]
[Date "2023.12.02"]
[Round "6"]
[White "Robinson, Malcolm"]
[Black "Souza, Atahander"]
[Result "1-0"]
[WhiteElo "1812"]
[BlackElo "1841"]
[PlyCount "73"]
[EventDate "2023.11.24"]
[EventType "tourn"]
[EventRounds "11"]
[EventCountry "BRA"]
[SourceTitle "EXT 2025"]
[Source "ChessBase"]
[SourceDate "2024.10.14"]
[SourceVersion "1"]
[SourceVersionDate "2024.10.14"]
[SourceQuality "1"]

1. Nf3 d5 2. c4 Nf6 3. cxd5 g6 4. e4 Bg7 5. Nc3 0-0 6. d4 c5 7. Be2 e6 8. dxc5 Qa5 9. 0-0 exd5 10. exd5 Qxc5 11. Be3 Qa5 12. Qb3 Na6 13. Rfd1 Rd8 14. a3 Nc5 15. Qc4 Na6 16. Rac1 Bd7 17. Qa2 Rdc8 18. b4 Qd8 19. Qb3 Nc7 20. Ne5 Nce8 21. Nxd7 Nxd7 22. d6 Be5 23. Ne4 Bxh2+ 24. Kf1 Rxc1 25. Bxc1 Qh4 26. Bf3 a6 27. g3 Qh3+ 28. Bg2 Qh5 29. Qf3 Qb5+ 30. Qd3 Qh5 31. Bb2 Rc8 32. Qd4 Qb5+ 33. Ke1 f6 34. Bh3 Ne5 35. Nxf6+ Nxf6 36. Qxe5 Re8 37. Be6+ 1-0

[Event "Brasilia City-ch"]
[Site "Brasilia"]
[Date "2023.11.25"]
[Round "2"]
[White "Cunha, Lucas Aguiar"]
[Black "Robinson, Malcolm"]
[Result "1-0"]
[WhiteElo "2304"]
[BlackElo "1812"]
[PlyCount "58"]
[EventDate "2023.11.24"]
[EventType "tourn"]
[EventRounds "11"]
[EventCountry "BRA"]
[SourceTitle "EXT 2025"]
[Source "ChessBase"]
[SourceDate "2024.10.14"]
[SourceVersion "1"]
[SourceVersionDate "2024.10.14"]
[SourceQuality "1"]

1. e4 c5 2. Nf3 d6 3. d4 cxd4 4. Nxd4 Nf6 5. Nc3 a6 6. Be2 e5 7. Nb3 Be7 8. 0-0 0-0 9. Be3 Be6 10. Nd5 Nxd5 11. exd5 Bf5 12. Qd2 Nd7 13. a4 Rc8 14. Rfc1 Nb6 15. c4 Nd7 16. a5 Re8 17. Ra4 Nc5 18. Nxc5 dxc5 19. b4 Bd7 20. Raa1 cxb4 21. c5 Bf8 22. Qxb4 Rb8 23. Qd2 Ra8 24. Rab1 Bc8 25. Bc4 Qd7 26. Qa2 Qf5 27. h3 h5 28. d6 Qd7 29. Bd5 Rb8 1-0

[Event "Brasilia-ch"]
[Site "Brasilia"]
[Date "2017.11.19"]
[Round "7"]
[White "Robinson, Malcolm"]
[Black "Passos, Rafael Moreira"]
[Result "1-0"]
[WhiteElo "1879"]
[BlackElo "1605"]
[PlyCount "87"]
[EventDate "2017.11.15"]
[EventType "swiss"]
[EventRounds "7"]
[EventCountry "BRA"]
[SourceTitle "EXT 2019"]
[Source "ChessBase"]
[SourceDate "2018.10.10"]
[SourceVersion "1"]
[SourceVersionDate "2018.10.10"]
[SourceQuality "1"]

1. d4 Nf6 2. c4 e6 3. Nf3 d5 4. g3 dxc4 5. Bg2 Be7 6. 0-0 0-0 7. Qc2 a6 8. a4 Bd7 9. Qxc4 Bc6 10. Nc3 Nbd7 11. Re1 Nb6 12. Qd3 Nbd5 13. e4 Nxc3 14. bxc3 b6 15. Bf4 Nh5 16. Be3 Nf6 17. Bg5 h6 18. Bf4 Nh5 19. Be3 Nf6 20. Ne5 Bb7 21. c4 Nd7 22. f4 Bf6 23. Qc2 Nxe5 24. fxe5 Bg5 25. Bf2 Be7 26. a5 bxa5 27. c5 c6 28. Reb1 Bc8 29. Rb6 Qd7 30. Rb3 Bd8 31. d5 exd5 32. exd5 cxd5 33. c6 Qc7 34. Bd4 Bd7 35. Rc1 Bc8 36. Bxd5 Bg5 37. Ra1 Bd7 38. Rb7 Be3+ 39. Kg2 Qc8 40. Bxe3 Bh3+ 41. Kg1 Qd8 42. Qc4 Rb8 43. c7 Qe7 44. cxb8Q 1-0

[Event "Brasilia-ch"]
[Site "Brasilia"]
[Date "2017.11.18"]
[Round "6"]
[White "Bueno, Fabio Marvulle"]
[Black "Robinson, Malcolm"]
[Result "0-1"]
[WhiteElo "1662"]
[BlackElo "1879"]
[PlyCount "94"]
[EventDate "2017.11.15"]
[EventType "swiss"]
[EventRounds "7"]
[EventCountry "BRA"]
[SourceTitle "EXT 2019"]
[Source "ChessBase"]
[SourceDate "2018.10.10"]
[SourceVersion "1"]
[SourceVersionDate "2018.10.10"]
[SourceQuality "1"]

1. d4 Nf6 2. Nf3 c5 3. g3 cxd4 4. Qxd4 Nc6 5. Qd1 g6 6. Bg2 Bg7 7. 0-0 0-0 8. c4 d6 9. Nc3 Be6 10. Nd5 Na5 11. Nxf6+ Bxf6 12. Bh6 Re8 13. b3 Rb8 14. Nd4 Bd7 15. Rc1 Nc6 16. Nxc6 Bxc6 17. Bxc6 bxc6 18. e4 a5 19. c5 d5 20. Re1 dxe4 21. Rxe4 Qc8 22. Bd2 Ra8 23. Ra4 Rd8 24. Qe1 Qf5 25. Bxa5 Rd5 26. Rac4 Qh3 27. R4c2 Rh5 28. Bd2 Qxh2+ 29. Kf1 Qh1+ 30. Ke2 Qe4+ 31. Be3 Qg4+ 32. f3 Rh2+ 33. Bf2 Qe6+ 34. Kf1 Rh1+ 35. Bg1 Qh3+ 36. Ke2 Bd4 37. Bxd4 Rxe1+ 38. Rxe1 Qxg3 39. a4 Rd8 40. Bf2 Qb8 41. Rb1 Qc8 42. b4 Qa6+ 43. b5 Qxa4 44. Rcb2 Qc4+ 45. Ke1 cxb5 46. Rxb5 Rd5 47. R5b4 Re5+ 0-1

[Event "Belem Regional Norte"]
[Site "Belem"]
[Date "2016.03.20"]
[Round "6"]
[White "Da Silva De Sena, Jefferson Ryan F"]
[Black "Robinson, Malcolm"]
[Result "1-0"]
[WhiteElo "1938"]
[BlackElo "1865"]
[PlyCount "68"]
[EventDate "2016.03.18"]
[EventType "swiss"]
[EventRounds "6"]
[EventCountry "BRA"]
[SourceTitle "CBM 171 Extra"]
[Source "ChessBase"]
[SourceDate "2016.04.26"]
[SourceVersion "1"]
[SourceVersionDate "2016.04.26"]
[SourceQuality "1"]

1. e4 c6 2. d4 d5 3. e5 c5 4. c3 Nc6 5. Nf3 Bg4 6. Bb5 e6 7. Nbd2 Nge7 8. dxc5 Ng6 9. Qa4 Qc7 10. Qxg4 Ngxe5 11. Qd4 0-0-0 12. Bxc6 Nxc6 13. Qe3 e5 14. 0-0 e4 15. Nd4 Bxc5 16. N2b3 Bb6 17. Qg5 Ne5 18. Bf4 f6 19. Qf5+ Kb8 20. Ne6 Qd7 21. Bxe5+ fxe5 22. Qxe5+ Qd6 23. Qxd6+ Rxd6 24. Ned4 h5 25. Nf5 Rf6 26. Nbd4 g6 27. Ne3 g5 28. Nxd5 Bxd4 29. cxd4 Rd6 30. Nc3 Rxd4 31. Rad1 Rb4 32. Rd2 a6 33. Rfd1 Ka7 34. Kf1 g4 1-0

[Event "Belem Regional Norte"]
[Site "Belem"]
[Date "2016.03.18"]
[Round "2"]
[White "Robinson, Malcolm"]
[Black "Farias, Sergio Luiz Cardoso"]
[Result "1-0"]
[WhiteElo "1865"]
[BlackElo "1641"]
[PlyCount "23"]
[EventDate "2016.03.18"]
[EventType "swiss"]
[EventRounds "6"]
[EventCountry "BRA"]
[SourceTitle "CBM 171 Extra"]
[Source "ChessBase"]
[SourceDate "2016.04.26"]
[SourceVersion "1"]
[SourceVersionDate "2016.04.26"]
[SourceQuality "1"]

1. Nf3 d6 2. d4 Bg4 3. e4 Nf6 4. Bc4 e6 5. Nc3 Nbd7 6. e5 dxe5 7. dxe5 Bxf3 8. Qxf3 Nxe5 9. Qxb7 Rb8 10. Bb5+ Nfd7 11. Qxa7 Bc5 12. Qxc5 1-0

[Event "Parauapebas Paraense-ch"]
[Site "Parauapebas"]
[Date "2015.11.22"]
[Round "5"]
[White "Almeida, Luis Fernando Silva"]
[Black "Robinson, Malcolm"]
[Result "0-1"]
[WhiteElo "1566"]
[BlackElo "1865"]
[PlyCount "72"]
[EventDate "2015.11.20"]
[EventType "swiss"]
[EventRounds "6"]
[EventCountry "BRA"]
[SourceTitle "CBM 169 Extra"]
[Source "ChessBase"]
[SourceDate "2015.12.18"]
[SourceVersion "1"]
[SourceVersionDate "2015.12.18"]
[SourceQuality "1"]

1. c4 Nf6 2. d4 g6 3. Nc3 d5 4. Nf3 Bg7 5. e3 0-0 6. Be2 c5 7. 0-0 cxd4 8. Nxd4 Nc6 9. b3 Nxd4 10. exd4 dxc4 11. Bxc4 Bg4 12. f3 Bf5 13. Be3 a6 14. Qe1 b5 15. Be2 Rc8 16. Rd1 Nd5 17. Nxd5 Qxd5 18. Qf2 Rc2 19. Rd2 Rxd2 20. Bxd2 Bxd4 21. Be3 Bxe3 22. Qxe3 Qe6 23. Qf2 Qe5 24. g4 Be6 25. Bd3 Rd8 26. Re1 Qd4 27. Re3 Rc8 28. Kg2 Rc3 29. Qe2 Bd5 30. Kg3 e6 31. h4 a5 32. h5 g5 33. h6 Qf4+ 34. Kg2 Qxg4+ 35. Kf2 Qh4+ 36. Kg2 Rc1 0-1

[Event "Belem Leao Memorial"]
[Site "Belem"]
[Date "2015.06.07"]
[Round "5"]
[White "Robinson, Malcolm"]
[Black "Farias, Sergio Luiz Cardoso"]
[Result "1-0"]
[WhiteElo "1813"]
[BlackElo "1625"]
[PlyCount "71"]
[EventDate "2015.06.05"]
[EventType "swiss"]
[EventRounds "6"]
[EventCountry "BRA"]
[SourceTitle "EXT 2018"]
[Source "ChessBase"]
[SourceDate "2017.10.13"]
[SourceVersion "1"]
[SourceVersionDate "2017.10.13"]
[SourceQuality "1"]

1. Nf3 Nc6 2. d4 e6 3. g3 Nf6 4. Bg2 d5 5. 0-0 Be7 6. c4 0-0 7. Nc3 a6 8. b3 Rb8 9. Bb2 b6 10. Qc2 Na5 11. Ne5 Bb7 12. e4 dxc4 13. bxc4 Bd6 14. Rad1 Qe7 15. Nf3 Bb4 16. e5 Nh5 17. Qe2 g6 18. d5 Rfd8 19. dxe6 fxe6 20. Ne4 h6 21. Nf6+ Kg7 22. Bh3 Bxf3 23. Qxf3 Nxc4 24. Ba1 Nd2 25. Qg4 Nxf1 26. Nxh5+ Kh7 27. Nf6+ Kg7 28. Rxf1 Bc5 29. Bg2 Rd2 30. Be4 Qf7 31. Nh5+ Kh8 32. Nf4 Rg8 33. h4 Be7 34. h5 Bg5 35. hxg6 Rxg6 36. Bxg6 1-0

[Event "Belem Velha op 2nd"]
[Site "Belem"]
[Date "2015.02.17"]
[Round "7"]
[White "Albuquerque, Antonio Lazaro"]
[Black "Robinson, Malcolm"]
[Result "1/2-1/2"]
[WhiteElo "1881"]
[BlackElo "1807"]
[PlyCount "68"]
[EventDate "2015.02.13"]
[EventType "swiss"]
[EventRounds "9"]
[EventCountry "BRA"]
[SourceTitle "CBM 164 Extra"]
[Source "ChessBase"]
[SourceDate "2015.03.02"]
[SourceVersion "1"]
[SourceVersionDate "2015.03.02"]
[SourceQuality "1"]

1. e4 c6 2. f4 d5 3. e5 c5 4. Bb5+ Nc6 5. Nf3 Bg4 6. 0-0 e6 7. c3 Rc8 8. Qa4 Qb6 9. d4 Nge7 10. Be3 a6 11. Bxc6+ Nxc6 12. dxc5 Qxb2 13. Qb3 Qxb3 14. axb3 Na7 15. b4 Nb5 16. Nd4 Nxd4 17. cxd4 Be2 18. Rf2 Bb5 19. Nc3 Bc6 20. g4 Be7 21. Rfa2 Kd7 22. Bf2 f6 23. Bg3 fxe5 24. fxe5 h5 25. gxh5 Rxh5 26. Rf1 Rf8 27. Rxf8 Bxf8 28. Rf2 Ke8 29. Kg2 Be7 30. Rb2 Kd8 31. b5 axb5 32. Nxb5 Bxb5 33. Rxb5 Kc7 34. Rb6 Rh6 1/2-1/2